The Evil Within - Weapons - Statistics

General Stats
  • This quiz has been taken 16 times
  • The average score is 13 of 23
Answer Stats
Answer % Correct
Axe
90%
Handgun
90%
Shotgun
90%
Knife
80%
Magnum
80%
Hammer
70%
Rocket Launcher
70%
Sniper Rifle
70%
Bottle
60%
Torch
60%
Chainsaw
50%
Double Barrel Shotgun
50%
Grenade
50%
Machine Gun
50%
Sawed-off shotgun
50%
Agony Crossbow
40%
Burst Handgun
40%
Dynamite
40%
Sword
40%
Brass Knuckles
30%
High Penetration Sniper Rifle
30%
Semi-Auto Handgun
30%
Matches
20%
No matching quizzes found
Score Distribution
Percent of People with Each Score
Percentile by Number Answered
Your Score History
You have not taken this quiz